000
00276nam a22001097a 4500
082
_a
531.12 HOU'A
100
_a
HOUSNER, GEORGE W,HUDSON, DONALD E
_9
80508
245
_a
APPLIED MECHANICAL STATICS
260
_a
NEWJERSCY
_b
D. VAN NOSTRAND
_c
1949
300
_a
220P
942
_c
BK
999
_c
585433
_d
585433